00957nam a2200217 i 450000100060000000300090000600500170001500700030003200800410003510000470007624501960012326000640031930000210038353000350040465000170043965000290045670000640048585200310054985200700058085600890065034651ES-MaACL20260327151413.0t|030207s1916 sp ||||1| spa d1 aBonilla y San Martín, Adolfo,d1875-192610aConferencia del Señor D. Adolfo Bonilla y San Martín pronunciada el 12 de abril de 1916 b: tema: La crisis de la soberanía nacional, y el fantasma de la representación parlamentaria. aMadrid : b[s.n.], c1916 (ffEstab. Tip. de Jaime Ratés) a39 p. ; c22 cm. aDisponible en formato digital.04aSoberanía. 4aGobierno representativo. aReal Academia de Jurisprudencia y Legislación de España aES-MaACLj1499-F-11cDEPOF aES-MaACLj1529-F-13cDEPOFzRevisado enlace: 27 de Marzo de 2025.4 uhttp://bdh-rd.bne.es/viewer.vm?id=0000113172&page=1 yBiblioteca Digital Hispánica